Statistiques concernant Ligne C du RER

Cliquez ici pour prendre le quiz!

Statistiques générales

  • Ce quiz a été pris 242 fois
    (171 depuis la dernière actualisation)
  • Le résultat moyen est 38 sur 75

Statistiques - réponses

ngarescorrespondances% Correct
38Paris-AusterlitzM 5 10
84%
37Saint-Michel - Notre-DameRER B
M 4 10
84%
35InvalidesM 8 13
79%
54JuvisyRER D
76%
50Massy - PalaiseauRER B
Transilien V
T 12express
75%
23 (vers SQY)Versailles-ChantiersTransilien N U V
75%
34Pont de l'AlmaM 9
72%
36Musée d'OrsayM 12
71%
67Dourdan
70%
1PontoiseTransilien H J
70%
21Saint-Quentin-en-YvelinesTransilien N U
68%
39Bibliothèque François-MitterrandM 14
T 3a
67%
43 (séparation MP/DF/SME)Choisy-le-RoiT 9
67%
40Ivry-sur-Seine
67%
32 (vers SQY/VRG)JavelM 10
67%
41Vitry-sur-Seine
66%
75Saint-Martin-d'Etampes
65%
74Etampes
64%
13Saint-OuenM 14
63%
29Issy
62%
59 (séparation DF/SME)Brétigny
61%
55Savigny-sur-Orge
58%
53Athis-Mons
56%
33 (séparation P/SQY/VRG)Champ de Mars - Tour EiffelM 6
55%
68Dourdan - La Forêt
55%
31Pont du GariglianoT 3a
55%
14Porte de ClichyM 13 14
T 3b
55%
42Les Ardoines
53%
56Epinay-sur-OrgeT12express
52%
10Epinay-sur-SeineT 8 11express
51%
30Issy - Val de SeineT 2
51%
24Versailles-Château-Rive-Gauche
51%
52Ablon
50%
19BoulainvilliersM 9
50%
27Chaville - Vélizy
50%
49Massy - VerrièresRER B
50%
8Ermont - EaubonneTransilien H J
49%
16Neuilly - Porte Maillot
RER E
M 1
T 3b
49%
26 (séparation SQY/VRG)Viroflay-Rive-GaucheTransilien N
T 6
49%
18Avenue Henri-Martin
48%
11GennevilliersT 1
48%
22Saint-CyrTransilien N U
T 13express
48%
58Saint-Michel-sur-Orge
48%
2Saint-Ouen-l'AumôneTransilien H
48%
17Avenue FochM 2
T 3b
47%
15Pereire - LevalloisM 3
47%
57Sainte-Geneviève-des-Bois
47%
5Montigny - BeauchampTransilien H
46%
61Arpajon
45%
12Les Grésillons
45%
45Orly-Ville
45%
20 (vers P)Avenue du Président-Kennedy
44%
28Meudon-Val-Fleury
43%
25 (vers VRG)Porchefontaine
42%
9Saint-Gratien
41%
73Etréchy
39%
71Lardy
38%
51 (vers DF/SME)Villeneuve-le-Roi
37%
7CernayTransilien H
35%
4PierrelayeTransilien H
35%
46Pont de Rungis - Aéroport d'Orly
35%
3Saint-Ouen-l'Aumône-LiesseTransilien H
35%
72Chamarande
34%
6Franconville - Le Plessis-BouchardTransilien H
34%
47Rungis - La FraternelleT 7
34%
44 (vers MP)Les SaulesT 9
31%
70Bouray
30%
48Chemin d'Antony
30%
69 (vers SME)Marolles-en-Hurepoix
30%
64Breuillet-Village
29%
62Egly
27%
66Sermaise
25%
60 (vers DF)La Norville - Saint-Germain-lès-Arpajon
22%
65Saint-Chéron
21%
63Breuillet - Bruyères-le-Châtel
17%

Distribution des résultats

Percentile par nombre de réponses

% des personnes avec chaque résultat

Votre développement - résultats

Vous n’avez pas pris ce quiz depuis la dernière actualisation